| 000 | 00404cam a22001337a 4500 | ||
|---|---|---|---|
| 008 | 180718b1992 xxu||||| |||| 00| 0 eng d | ||
| 082 | _aA99 Up1 | ||
| 245 |
_aIntegral humanism: documents, interpretations, comparisons _cediated by Devendra Swarup |
||
| 260 |
_aNew Delhi _bDeendayal Research Institute _c1992 |
||
| 300 | _a192p. | ||
| 650 | _aDeendayal | ||
| 650 | _aHumanism | ||
| 700 | _aSwarup, Devendra | ||
| 999 |
_c480893 _d480893 |
||